| 000 | 01556nam0a2200337 4500 | ||
|---|---|---|---|
| 001 | RU\NLR\bibl\1104898 | ||
| 005 | 20260405133751.0 | ||
| 010 |
_a5-85983-25-8 _9100 |
||
| 021 |
_aRU _b2007-35307 _91873 |
||
| 035 | _a(nilc)RSL-KNO-003124127 | ||
| 035 | _a(NLR Aleph) 001091967 | ||
| 090 |
_a1124015 _c1124015 |
||
| 100 | _a20070531d2007 |||y0rusy50 ca | ||
| 101 | 0 | _arus | |
| 102 | _aRU | ||
| 105 | _aa zzzz||||| | ||
| 200 | 1 |
_aО качестве научных исследований и образования в агрономии _fН.С. Лебедев |
|
| 210 |
_aСанкт-Петербург _c[б.и.] _d2007 |
||
| 215 |
_a55,[1] с. _cил., табл. _d21 |
||
| 320 | _aБиблиогр.: с. 55 (23 назв.) | ||
| 606 | 1 |
_aАгрономические исследования _xМетодология _92479131 _3RU\NLR\auth\661471839 |
|
| 610 | 0 | _aСельское и лесное хозяйство. Сельскохозяйственные и лесохозяйственные науки -- Общее растениеводство -- Философские вопросы науки. Методология науки -- Пособие для специалистов | |
| 686 |
_aП1в,07 _2rubbk |
||
| 686 | _aП14в | ||
| 700 | 1 |
_4070 _8rus _7ca _aЛебедев _bН. С. _cагроном _gНиколай Сергеевич _3RU\NLR\auth\7754410 _937342 |
|
| 801 | 0 |
_aRU _bРКП _c20070531 _grcr |
|
| 801 | 1 |
_aRU _bРГБ _c20070531 |
|
| 801 | 2 |
_aRU _bNLR _c20070704 _grcr |
|
| 942 | _cBOOK | ||
| 980 | _aNB | ||